000 00592nam a2200229Ia 4500
003 OSt
005 20221006164055.0
006 a|||||r|||| 00| 0
007 ta
008 221006b |||||||| |||| 00| 0 eng d
024 _a225
037 _cTextual
040 _aFML
_cFML
_beng
041 _2eng
_aeng
082 _aNQ44,N, M1
100 _aChatterji R Au.
_9676554
245 0 _aIndian Painting Today 1981
260 _aMumbai
_bJahangeer Art Gallery
_c1981
300 _a77
_ccm.
942 _hNQ44,N, M1
_cTEXL
_2CC
999 _c1116160
_d1116160